Central Library OPAC University of Rajshahi

Sigmund Freud's the interpretation of dreams / (Record no. 30629)

MARC details
000 -LEADER
fixed length control field 00896pam a2200265 a 4500
001 - CONTROL NUMBER
control field 30629
003 - CONTROL NUMBER IDENTIFIER
rucl marc code BD-RjUL
005 - DATE AND TIME OF LATEST TRANSACTION
control field 20211209051607.0
008 - FIXED-LENGTH DATA ELEMENTS--GENERAL INFORMATION
fixed length control field 140410r19711954enkd 001 0 eng d
020 ## - INTERNATIONAL STANDARD BOOK NUMBER
International Standard Book Number 004131008x
035 ## - SYSTEM CONTROL NUMBER
System control number BNB2536.1917
System control number (BD-RjUL)30715
040 ## - CATALOGING SOURCE
Original cataloging agency DLC
Transcribing agency DLC
Language of cataloging eng
Modifying agency BD-RjUL
041 ## - LANGUAGE CODE
Language code of text/sound track or separate title eng
082 0# - DEWEY DECIMAL CLASSIFICATION NUMBER
Classification number 154.63
Edition number 23
Author mark and year FRS 1971
100 ## - MAIN ENTRY--PERSONAL NAME
Personal name Freud, Sigmund
9 (RLIN) 93057
245 10 - TITLE STATEMENT
Title Sigmund Freud's the interpretation of dreams /
Statement of responsibility, etc. Sigmund Freud'; Translated from the german and edited by Strachey, James
260 ## - PUBLICATION, DISTRIBUTION, ETC. (IMPRINT)
Place of publication, distribution, etc. London:
Name of publisher, distributor, etc. George Allen and Unwin Ltd.,,
Date of publication, distribution, etc. 1954 [Impression 1971]
300 ## - PHYSICAL DESCRIPTION
Pagination xxxii, 692 p. :
Illustrations ill. ;
Size 22 cm.
504 ## - BIBLIOGRAPHY, ETC. NOTE
Bibliography, etc Includes bibliographical references: p. 233-237 and index.
600 10 - SUBJECT ADDED ENTRY--PERSONAL NAME
Personal name Freud, Sigmund,
Dates associated with a name 1856-1939.
650 #0 - SUBJECT ADDED ENTRY--TOPICAL TERM
Topical term or geographic name as entry element Dream interpretation
9 (RLIN) 90358
700 ## - ADDED ENTRY--PERSONAL NAME
Personal name Strachey, James
942 ## - ADDED ENTRY ELEMENTS (KOHA)
Source of classification or shelving scheme Dewey Decimal Classification
Koha item type Books
Holdings
Lost status Source of classification or shelving scheme Damaged status Not for loan Collection code Permanent Location Current Location Shelving location Date acquired Source of acquisition Cost, normal purchase price Total Checkouts Full call number Date last seen Date checked out Copy number Koha item type
  Dewey Decimal Classification     Non-fiction Central Library, University of Rajshahi Central Library, University of Rajshahi   19/04/1977 W.Helfers and Son 8.50 3 154.63 FRS 1971 18/01/2024 27/12/2023 C-3 Books
  Dewey Decimal Classification     Non-fiction Central Library, University of Rajshahi Central Library, University of Rajshahi   19/04/1977 W. Heffers and Sons 8.50   154.63 FRS 1971 24/04/2014   C-4 Books
  Dewey Decimal Classification   Not For Loan Non-fiction Central Library, University of Rajshahi Central Library, University of Rajshahi Reading Room 07/04/1956 Allies Books cor. 17.00   154.63 FRS 1954 04/12/2016   C-1 Books